000 00409nam a22001697a 4500
005 20160520140624.0
008 160520b xxu||||| |||| 00| 0 eng d
020 _a978-81-203-1246-3
041 _aeng
082 _b3590
100 _aOppenheim A.V & Willsky A.S.
_9886
245 _aSignals and Systems
260 _aNew Delhi
_bPHI,
300 _a957
650 _aDIPLOMA ENGINEERING
_9817
942 _cBK
999 _c1214
_d1214